000 00938nam a2200193 a 4500
008 120416s1977 ||||||||||||||||| || u
050 _aHD 7287.5 Jor
100 _aJorgensen, N.O
245 1 0 _aHousing finance for low income groups
246 _awith special reference to developing countries
260 _aNairobi
_bUniversity
_c1977
300 _a240 pages : illustrations
350 _a0.00
650 _aHOUSING--DEVELOPING COUNTRIES--CONGRESSES
650 _aHOUSING
995 _aBINDERY (DAMAGED)
_D0.00
_e705714
_FCBU-MAIN LIBRARY (Kitwe)
_H3
_I0.00
_jHD 7287.5 Jor
_M3
_UDAMAGED
_y705714
_ZMain Library Open Access Collection
995 _aBINDERY (DAMAGED)
_D0.00
_e703734
_FCBU-MAIN LIBRARY (Kitwe)
_H2
_I0.00
_jHD 7287.5 Jor
_M2
_UDAMAGED
_y703734
_ZMain Library Open Access Collection
995 _aBINDERY (DAMAGED)
_D0.00
_e711236
_FCBU-MAIN LIBRARY (Kitwe)
_H1
_I0.00
_jHD 7287.5 Jor
_M1
_UDAMAGED
_y711236
_ZMain Library Open Access Collection
999 _c76351
_d76351